000 00364 a2200169 4500
001 192124
020 _a85-08-06312-1
040 _cMagnum
100 _aBetto, Frei
240 1 0 _aAlucinado som de tuba
_lpor
245 1 0 _aAlucinado som de tuba
300 _a117
362 0 _a2000
440 1 _aÁtica
697 _aLITERATURA INFANTO-JUVENIL
942 _cBK
999 _c192124
_d192124